Music Quiz

Random Music or Clickable Quiz

5 Minute Lesson About You-1970's #3 Quiz Stats

 Plays Quiz not verified by Sporcle

Score 0/25 Timer 05:00
0 Plays Today
% Correct
You Are the
86.7%
Stuck in the
85%
Hopelessly
84.4%
My
75.7%
You Should
75.7%
Just the
74.6%
Hey Won't You Play Another Somebody Done Somebody
72.8%
Wish You
72.8%
I'll Have To Say
68.8%
Whatever
68.2%
You Don't Have To Be a
68.2%
Can't Smile
68.2%
Working
67.6%
% Correct
You Make
65.3%
Who
64.7%
Knowing
63.6%
You Really
57.2%
Kiss
57.2%
Here You
56.1%
Make It
55.5%
You'll Never Find Another
52.6%
I Was
52%
If Loving You Is Wrong I
38.2%
I'm Stone
38.2%
I Wanna Get
21.4%

You're not logged in!

Compare scores with friends on all Sporcle quizzes.
OR
Log In

Sporcle TV

Today on Sporcle TV


Watch our educational content, quiz creation guides, and fun videos on Sporcle TV.

Show Comments

Extras

Top Quizzes Today


Score Distribution

Your Account Isn't Verified!

In order to create a playlist on Sporcle, you need to verify the email address you used during registration. Go to your Sporcle Settings to finish the process.

Report this User

Report this user for behavior that violates our Community Guidelines.

Details: